Japanese witnesses for Christ / (Record no. 7422)

MARC details
000 -LEADER
fixed length control field 00911nam a2200217 a 4500
003 - CONTROL NUMBER IDENTIFIER
control field PILC
005 - DATE AND TIME OF LATEST TRANSACTION
control field 20241121155840.0
008 - FIXED-LENGTH DATA ELEMENTS--GENERAL INFORMATION
fixed length control field 070501s1957 xx 00 eng d
010 ## - LIBRARY OF CONGRESS CONTROL NUMBER
LC control number Acc#19379
040 ## - CATALOGING SOURCE
Transcribing agency Philippine Baptist Theological Seminary
050 ## - LIBRARY OF CONGRESS CALL NUMBER
Classification number BV 3770
Item number J271 1957
100 10 - MAIN ENTRY--PERSONAL NAME
Personal name Ebizawa, Norimichi, ed.
245 10 - TITLE STATEMENT
Title Japanese witnesses for Christ /
Statement of responsibility, etc. edited by Norimichi Ebizawa.
260 0# - PUBLICATION, DISTRIBUTION, ETC (IMPRINT)
Place of publication, distribution, etc. London, England :
Name of publisher, distributor, etc. Lutterworth Press,
Date of publication, distribution, etc. c1957.
300 ## - PHYSICAL DESCRIPTION
Extent 90 p. ; 18 cm.
440 #0 - SERIES STATEMENT/ADDED ENTRY--TITLE
Title World Christian Books No.20
505 ## - FORMATTED CONTENTS NOTE
Formatted contents note Joseph Neeshima: Founder of the First Christian University--Bishop Yoichi Honda: Founder of the Japan Methodist Church--Masahisa Uemura: A Great Church Leader in Japan--Kanzo Uchimura: Leader of the non-church Group--Gumpei Yamamuro: An Officer of the Salvation Army
650 ## - SUBJECT ADDED ENTRY--TOPICAL TERM
Topical term or geographic name as entry element EVANGELISTIC WORK
General subdivision JAPAN
650 ## - SUBJECT ADDED ENTRY--TOPICAL TERM
Topical term or geographic name as entry element WITNESS BEARING
General subdivision JAPAN
942 ## - ADDED ENTRY ELEMENTS (KOHA)
Koha item type Circulation Books
Source of classification or shelving scheme Library of Congress Classification
Holdings
Withdrawn status Lost status Source of classification or shelving scheme Damaged status Not for loan Home library Current library Shelving location Date acquired Cost, normal purchase price Total Checkouts Full call number Barcode Date last seen Price effective from Koha item type
    Dewey Decimal Classification     PBTS Library PBTS Library Circulation Section 05/01/2007 0.55   BV 3770 J271 1957 19379 03/18/2026 04/02/2015 Circulation Books

Philippine Baptist Theological Seminary | 19 Tacay Road, Central Guisad, Baguio City 2600, Philippines